000 00809cam a22002051 4500
082 _a621.316
_bBRA
_cL-10, P-42
100 1 _aBraymer, Daniel Harvey,
_941375
245 1 0 _aRewinding small motors;
_bpractical details of repair-shop practice with step-by-step procedure for rewinding all types and designs of fractional-horsepower direct-and alternating-current motors,
_cby Daniel H. Braymer and A. C. Roe.
250 _a3d ed.
260 _aNew York,
_bMcGraw-Hill,
_c1949.
300 _ax, 422 p.
_billus.
_c24 cm.
526 _a0
_b0
_c0
_d621_316000000000000_BRA
526 _a0
_b0
_c0
_d621_316000000000000_BRA
526 _a0
_b0
_c0
_d621_316000000000000_BRA
650 0 _aArmatures.
_941376
650 0 _aElectric motors.
_941283
650 0 _aMCE
_9379
700 1 _aRoe, A. C.
_941377
942 _2ddc
_cBK
999 _c545501
_d545501